书目信息 |
| 题名: |
数字建模
|
|
| 作者: | 张岩 , 任雁明 著 | |
| 分册: | ||
| 出版信息: | 北京 中国纺织出版社有限公司 2022 |
|
| 页数: | 120页 | |
| 开本: | 26cm | |
| 丛书名: | 工业产品设计丛书 | |
| 单 册: | ||
| 中图分类: | N945.12 | |
| 科图分类: | ||
| 主题词: | 系统建模--高等教育--教材 | |
| 电子资源: | ||
| ISBN: | 978-7-5180-9451-6 | |
| 000 | 00989nam0 2200301 450 | |
| 001 | 011816074 | |
| 005 | 20220713183720.0 | |
| 010 | @a978-7-5180-9451-6@dCNY68.00 | |
| 100 | @a20220625d2022 em y0chiy0120 ea | |
| 101 | 0 | @achi |
| 102 | @aCN@b110000 | |
| 105 | @aa z 000yy | |
| 106 | @ar | |
| 200 | 1 | @a数字建模@9shu zi jian mo@dDigital modeling@f张岩,任雁明著@zeng |
| 210 | @a北京@c中国纺织出版社有限公司@d2022 | |
| 215 | @a120页@c图@d26cm | |
| 225 | 1 | @a工业产品设计丛书 |
| 300 | @a“十四五”普通高等教育本科部委级规划教材 | |
| 330 | @a本书通过数字建模概述,对数字建模的种类及步骤、数字建模二维和三维表现常用软件及特点、数字建模效果图渲染常用软件及特点做了简要介绍。 | |
| 461 | 0 | @12001 @a工业产品设计丛书 |
| 510 | 1 | @aDigital modeling@zeng |
| 586 | @a | |
| 606 | 0 | @a系统建模@x高等教育@j教材 |
| 690 | @aN945.12@v5 | |
| 701 | 0 | @a张岩@9zhang yan@4著 |
| 701 | 0 | @a任雁明@9ren yan ming@4著 |
| 801 | 0 | @aCN@c20220713 |
| 905 | @dN945.12@eZ225@f1@sN945.12/Z225@S@Z | |
| 数字建模=Digital modeling/张岩,任雁明著.-北京:中国纺织出版社有限公司,2022 |
| 120页:图;26cm.-(工业产品设计丛书) |
| “十四五”普通高等教育本科部委级规划教材 |
| ISBN 978-7-5180-9451-6:CNY68.00 |
| 本书通过数字建模概述,对数字建模的种类及步骤、数字建模二维和三维表现常用软件及特点、数字建模效果图渲染常用软件及特点做了简要介绍。 |
| ● |
| 相关链接 |
|
|
|
正题名:数字建模
索取号:N945.12/Z225
 
预约/预借
| 序号 | 登录号 | 条形码 | 馆藏地/架位号 | 状态 | 备注 |
| 1 | 21618600 | 216186008 | 自科库401/401自科库 142排2列5层/ [索取号:N945.12/Z225] | 在馆 |